| 000 | 01268cam a2200361 a 4500 | ||
|---|---|---|---|
| 001 | 2131928 | ||
| 003 | NUST - PNEC | ||
| 005 | 20170116180830.0 | ||
| 008 | 970321s1997 enka b 001 0 eng d | ||
| 010 | _a 97142339 | ||
| 015 | _aGB97-20366 | ||
| 020 | _a0412558505 | ||
| 035 | _a(OCoLC)36592566 | ||
| 040 |
_aUkNcU _cLIBRARY _dUk _dDLC |
||
| 042 | _alccopycat | ||
| 050 | 0 | 0 |
_aQA274.7 _b.M32 1997 |
| 082 | 0 | 0 | _a519.233 MAL |
| 100 | 1 | _aMacDonald, Iain L. | |
| 245 | 1 | 0 |
_aHidden Markov and other models for discrete-valued time series / _cIain L. MacDonald and Walter Zucchini. |
| 250 | _a1st ed. | ||
| 260 |
_aLondon ; _aNew York : _bChapman & Hall, _c1997. |
||
| 300 |
_axvi, 236 p. : _bill. ; _c22 cm. |
||
| 440 | 0 |
_aMonographs on statistics and applied probability ; _v70 |
|
| 504 | _aIncludes bibliographical references (p. [217]-226) and indexes. | ||
| 650 | 0 | _aMarkov processes. | |
| 650 | 0 | _aTime-series analysis. | |
| 650 | 0 |
_aDiscrete-time systems. _xME, MS Control |
|
| 700 | 1 | _aZucchini, W. | |
| 856 | 4 | 2 |
_3Publisher description _uhttp://www.loc.gov/catdir/enhancements/fy0731/97142339-d.html |
| 906 |
_a7 _bcbc _ccopycat _d2 _encip _f19 _gy-gencatlg |
||
| 942 |
_2ddc _cBK |
||
| 999 |
_c63989 _d63989 |
||